00660naa a2200121 i 45000010005000000030009000050050017000140080041000310400029000721000119001012450094002207730224003149064KOSZ 00520180320114753.0180316s2006 pl ||||f |||| 00| 0 pol d aKOSZ 005/HRcKOSZ 005/HR1 aZAWADZKA, Danuta.d2007-2011.bPolitechnika Koszalińska - Instytut Ekonomii i Zarządzania,cZakład Finansów10aEfektywność kredytowania kontrahentów w transakcjach handlowych /cDanuta Zawadzka.0 iW :tEfektywność źródłem bogactwa narodów / red. nauk. Tadeusz Dudycz. -dŁódź ; Wrocław : Społeczna Wyższa Szkoła Przedsiębiorczości i Zarządzania : Akademia Ekonomiczna, 2006. -gs. 458-463.